ELECCIONES LIBRES /

TRADUCCION DE: FREE ELECTIONS

محفوظ في:
التفاصيل البيبلوغرافية
المؤلف الرئيسي: Mackenzie, W.J.M (autor)
التنسيق: كتاب
سلاسل:CIENCIAS SOCIALES ; 21. SERIE SEMILLA Y SURCO
الموضوعات:
الوسوم: إضافة وسم
لا توجد وسوم, كن أول من يضع وسما على هذه التسجيلة!

MARC

LEADER 00000nam^a2200000^a^4500
001 000236661
005 20250521000000.0
009 20260310104904.599
035 |a 053519 
037 |a Acervo Xavier Clavigero 
082 |a 324.  |b MAC 
100 |a Mackenzie, W.J.M.  |e (autor) 
245 1 0 |a ELECCIONES LIBRES /  |c W.J.M. MACKENZIE ; TR. F. CONDOMINES PEREÑA 
264 |a MADRID :  |b TECNOS,  |c 1962 
300 |a 202 p. 
336 |a texto  |b txt  |2 rdacontenido 
337 |a sin mediación  |b n  |2 rdamedio 
338 |a volumen  |b nc  |2 rdasoporte 
440 |a CIENCIAS SOCIALES ;  |v 21. SERIE SEMILLA Y SURCO 
520 |a TRADUCCION DE: FREE ELECTIONS 
520 |a INCLUYE BIBLIOGRAFIA E INDICE 
649 |a XX 
650 |a Elecciones 
910 |a Fondo General 
920 |a Impresos - Libros 
930 |a Colección General 
905 |a 101 
901 |a 053519  |b IT1  |c ACC  |i 053519  |u 20250521 
902 |a https://opac.biblio.iteso.mx/vufind/Record/000236661